LEADER 01199cam0-22004091i-450- 001 990007934570403321 005 20050404155353.0 010 $a0-471-29340-7 035 $a000793457 035 $aFED01000793457 035 $a(Aleph)000793457FED01 035 $a000793457 100 $a20041020d1998----km-y0itay50------ba 101 1 $aeng 102 $aUS 105 $aa---a---001yy 200 1 $aAbsorption and scattering of light by small particles$fCraig F.Bohren, Donald R. Huffman 210 $aNew York$cJohn Wiley$d1998 215 $axiv,530p.$d24 cm 225 1 $aWiley science paperback series 610 0 $aStato solido 610 0 $aProprietà ottiche delle particelle 610 0 $aAssorbimento della luce 676 $a535.3$v21$zita 700 1$aBohren,$bCraig F.$014898 701 1$aHuffman,$bDonald R.$014899 801 0$aIT$bUNINA$gRICA$2UNIMARC 901 $aBK 912 $a990007934570403321 952 $a32-159.001$bDSF 8322$fFI1 952 $aS.32-042$bDSF 8323$fFI1 952 $a123-F-27$b20408$fMA1 959 $aFI1 959 $aMA1 962 $a78-XX 996 $aAbsorption and scattering of light by small particles$9119183 997 $aUNINA LEADER 00969nam0-2200313---450- 001 990009860190403321 005 20140520110020.0 010 $a88-498-0375-3 035 $a000986019 035 $aFED01000986019 035 $a(Aleph)000986019FED01 035 $a000986019 100 $a20140520d2002----km-y0itay50------ba 101 0 $aita 102 $aIT 105 $a--------001yy 200 1 $a<>lavoro sul fronte dei porti$etelematica e organizzazione del lavoro a Gioia Tauro, Southampton e Felixstowe$fElisabetta Della Corte 210 $aSoveria Mannelli$cRubbetino$d2002 215 $a150p.$d18 cm 610 0 $aMerci$aTrasporto con container$aLavoro portuale 676 $a387.164$v22$zita 700 1$aDella Corte,$bElisabetta$0522945 801 0$aIT$bUNINA$gRICA$2UNIMARC 901 $aBK 912 $a990009860190403321 952 $a387.164 DEL 1$b3256$fBFS 959 $aBFS 996 $aLavoro sul fronte dei porti$9828439 997 $aUNINA LEADER 01804nam 2200529Ia 450 001 9910455987903321 005 20200520144314.0 010 $a1-280-18348-9 010 $a9786610183487 010 $a0-309-50021-4 035 $a(CKB)111069351128598 035 $a(OCoLC)559412274 035 $a(CaPaEBR)ebrary10038581 035 $a(SSID)ssj0000141114 035 $a(PQKBManifestationID)11157825 035 $a(PQKBTitleCode)TC0000141114 035 $a(PQKBWorkID)10055432 035 $a(PQKB)10831178 035 $a(MiAaPQ)EBC3375310 035 $a(Au-PeEL)EBL3375310 035 $a(CaPaEBR)ebr10038581 035 $a(OCoLC)923254968 035 $a(EXLCZ)99111069351128598 100 $a20021122d2002 uy 0 101 0 $aeng 135 $aurcn||||||||| 181 $ctxt 182 $cc 183 $acr 200 00$aDown to earth$b[electronic resource] $egeorgraphic information for sustainable development in Africa /$fCommittee on the Geographic Foundation for Agenda 21, Commiittee on Geography, Mapping Science Committee, Board on Earth Sciences and Resources, Division on Earth and Life Studies, National Research Council of the National Academies 210 $aWashington, D.C. $cNational Academy Press$dc2002 215 $a1 online resource (169 p.) 300 $aBibliographic Level Mode of Issuance: Monograph 311 $a0-309-08478-4 320 $aIncludes bibliographical references. 606 $aSustainable development$zAfrica 607 $aAfrica$xEconomic conditions 608 $aElectronic books. 615 0$aSustainable development 676 $a338.96/07 801 0$bMiAaPQ 801 1$bMiAaPQ 801 2$bMiAaPQ 906 $aBOOK 912 $a9910455987903321 996 $aDown to earth$92093960 997 $aUNINA